Система Al[2]O[3]-магнетит как носитель для лекарственных препаратов; Перспективы развития фундаментальных наук; Т. 2 : Химия

Podrobná bibliografie
Parent link:Перспективы развития фундаментальных наук=Prospects of Fundamental Sciences Development: сборник научных трудов XVI Международной конференции студентов, аспирантов и молодых ученых, г. Томск, 23-26 апреля 2019 г./ Национальный исследовательский Томский политехнический университет (ТПУ) ; под ред. И. А. Курзиной, Г. А. Вороновой.— , 2019
Т. 2 : Химия.— 2019.— [С. 210-212]
Hlavní autor: Сюэ Мэн
Korporativní autor: Национальный исследовательский Томский политехнический университет Инженерная школа новых производственных технологий Отделение материаловедения
Další autoři: Айтмагамбетова А. Ж. (научный руководитель), Ескожа Д. М., Илела А. Э. Алфа Эдисон
Shrnutí:Заглавие с экрана
Due to their excellent properties, nanoparticles such as Al[2]O[3] and Fe[3]O[4] are used in medical application for drug delivery. These materials are expected to be nontoxic and safe to human body. Aim of this study is to produce nanopowder from system Al[2]O[3]-Magnetite as drug carriers with unique characteristic such as size and properties. Ideal temperature to produce nanopowders Al2O3 as component drug carriers is 600°C with velocity 12 K/min. Phase magnetite more active at low temperature 250°C with concentration 100%.
Jazyk:ruština
Vydáno: 2019
Témata:
On-line přístup:http://earchive.tpu.ru/handle/11683/55898
Médium: MixedMaterials Elektronický zdroj Kapitola
KOHA link:https://koha.lib.tpu.ru/cgi-bin/koha/opac-detail.pl?biblionumber=629755

MARC

LEADER 00000naa2a2200000 4500
001 629755
005 20231101133557.0
035 |a (RuTPU)RU\TPU\conf\30511 
035 |a RU\TPU\conf\30498 
090 |a 629755 
100 |a 20190924d2019 k y0rusy50 ca 
101 0 |a rus  |d eng 
102 |a RU 
105 |a y z 100zy 
135 |a drcn ---uucaa 
181 0 |a i  
182 0 |a b 
200 1 |a Система Al[2]O[3]-магнетит как носитель для лекарственных препаратов  |d System Al[2]O[3]-magnetite as a carrier for medicine  |f Сюэ Мэн, А. Ж. Айтмагамбетова, Д. М. Ескожа  |g науч. рук. А. Э. Илела 
203 |a Текст  |c электронный 
230 |a 1 компьютерный файл (pdf; 410 Kb) 
300 |a Заглавие с экрана 
320 |a [Библиогр.: с. 212 (5 назв.)] 
330 |a Due to their excellent properties, nanoparticles such as Al[2]O[3] and Fe[3]O[4] are used in medical application for drug delivery. These materials are expected to be nontoxic and safe to human body. Aim of this study is to produce nanopowder from system Al[2]O[3]-Magnetite as drug carriers with unique characteristic such as size and properties. Ideal temperature to produce nanopowders Al2O3 as component drug carriers is 600°C with velocity 12 K/min. Phase magnetite more active at low temperature 250°C with concentration 100%. 
461 1 |0 (RuTPU)RU\TPU\conf\30347  |t Перспективы развития фундаментальных наук  |l Prospects of Fundamental Sciences Development  |o сборник научных трудов XVI Международной конференции студентов, аспирантов и молодых ученых, г. Томск, 23-26 апреля 2019 г.  |o в 7 т.  |f Национальный исследовательский Томский политехнический университет (ТПУ) ; под ред. И. А. Курзиной, Г. А. Вороновой  |d 2019 
463 1 |0 (RuTPU)RU\TPU\conf\30349  |t Т. 2 : Химия  |v [С. 210-212]  |d 2019 
510 1 |a System Al[2]O[3]-magnetite as a carrier for medicine  |z eng 
610 1 |a электронный ресурс 
610 1 |a труды учёных ТПУ 
610 1 |a магнетики 
610 1 |a лекарственные препараты 
610 1 |a фармакология 
610 1 |a лекарственные препараты 
610 1 |a адресная доставка 
610 1 |a оксид алюминия 
610 1 |a распылительная сушка 
700 0 |a Сюэ Мэн 
701 1 |a Айтмагамбетова  |b А. Ж. 
701 1 |a Ескожа  |b Д. М. 
702 1 |a Илела  |b А. Э.  |c специалист в области материаловедения  |c ассистент кафедры Томского политехнического университета  |f 1982-  |g Алфа Эдисон  |2 stltpush  |4 727 
712 0 2 |a Национальный исследовательский Томский политехнический университет  |b Инженерная школа новых производственных технологий  |b Отделение материаловедения  |h 7871  |2 stltpush  |3 (RuTPU)RU\TPU\col\23508 
801 2 |a RU  |b 63413507  |c 20190926  |g RCR 
856 4 |u http://earchive.tpu.ru/handle/11683/55898 
942 |c BK